000
00294nam a22001337a 4500
008
190305b xxu||||| |||| 00| 0 eng d
020
_a
9780323029513
041
_a
eng
080
_2
5th
_a
618
100
_a
10
101
_a
GJIN
245
_a
Comprehensive Gynecology
_c
Katz
942
_2
udc
_c
BK
999
_c
54560
_d
54560